The unconsoled / (Record no. 10701)
[ view plain ]
| 000 -LEADER | |
|---|---|
| fixed length control field | 00677nam a2200241 a 4500 |
| 001 - CONTROL NUMBER | |
| JCCL Control Number | 10701 |
| 003 - CONTROL NUMBER IDENTIFIER | |
| JCCL marc code | BD-JhCC |
| 005 - DATE AND TIME OF LATEST TRANSACTION | |
| control field | 20230202134025.0 |
| 008 - FIXED-LENGTH DATA ELEMENTS--GENERAL INFORMATION | |
| fixed length control field | 180809r20131995enk 000 f eng|d |
| 020 ## - INTERNATIONAL STANDARD BOOK NUMBER | |
| International Standard Book Number | 9780571283897 (pbk.) : |
| Terms of availability | £8.99 |
| 020 ## - INTERNATIONAL STANDARD BOOK NUMBER | |
| International Standard Book Number | 0571283896 (pbk.) : |
| Terms of availability | £8.99 |
| 035 ## - SYSTEM CONTROL NUMBER | |
| system control number | (BD-JhCC)10701 |
| 040 ## - CATALOGING SOURCE | |
| Original cataloging agency | StDuBDS |
| Transcribing agency | StDuBDS |
| Modifying agency | Uk |
| -- | BD-JhCC |
| 041 ## - LANGUAGE CODE | |
| Language code of Book | eng |
| 082 04 - DEWEY DECIMAL CLASSIFICATION NUMBER | |
| Classification number | 823.92 |
| DDC Edition number | 23 |
| Author mark and Year | ISH 2013 |
| 100 1# - MAIN ENTRY--PERSONAL NAME | |
| Personal name | Ishiguro, Kazuo, |
| Dates associated with a name | 1954- |
| 245 14 - TITLE STATEMENT | |
| Title | The unconsoled / |
| Statement of responsibility, etc | Kazuo Ishiguro. |
| 260 ## - PUBLICATION, DISTRIBUTION, ETC. (IMPRINT) | |
| Place of publication, distribution, etc | London : |
| Name of publisher, distributor, etc | Faber, |
| Date of publication, distribution, etc | 2013. |
| 300 ## - PHYSICAL DESCRIPTION | |
| Pagination | 535 pages ; |
| Dimensions | 20 cm. |
| 500 ## - GENERAL NOTE | |
| General note | Originally published: 1995. |
| 500 ## - GENERAL NOTE | |
| General note | Formerly CIP. |
| Institution to which field applies | Uk |
| 942 ## - ADDED ENTRY ELEMENTS (KOHA) | |
| Source of classification or shelving scheme | Dewey Decimal Classification |
| Koha item type | Books |
| Koha issues (borrowed), all copies | 20 |
| Source of classification or shelving scheme | Damaged status | Not for loan | Home library | Current library | Shelving location | Date of accession | Cost, normal purchase price | Total Checkouts | Full call number | Barcode | Date last seen | Date checked out | Copy number | Koha item type | Checked out |
|---|---|---|---|---|---|---|---|---|---|---|---|---|---|---|---|
| Dewey Decimal Classification | JCC Rouf Library | JCC Rouf Library | General Stacks | 08/09/2018 | 599.00 | 12 | 823.92 ISH 2013 | 14422 | 07/16/2025 | 07/09/2025 | C-1 | Books | |||
| Dewey Decimal Classification | JCC Rouf Library | JCC Rouf Library | General Stacks | 08/09/2018 | 599.00 | 9 | 823.92 ISH 2013 | 14420 | 02/05/2026 | 02/05/2026 | C-2 | Books | 03/03/2026 | ||
| Dewey Decimal Classification | JCC Rouf Library | JCC Rouf Library | General Stacks | 08/09/2018 | 599.00 | 10 | 823.92 ISH 2013 | 14421 | 11/11/2025 | 11/04/2025 | C-3 | Books |